00869 2200301 4500001002100000005001500021035002000036007000300056008004100059040001700100100001600117245011800133250001000251300003700261020002200298041000800320082000800328084001400336090002300350260002600373600003100399700003100430850001000461990002400471990002400495990002400519990002400543INLIS00000000000249420260602080151 a0010-0220000345ta260602 0  aSBPUPADbind0 aYusrina Sri1 aPerjalanan Hidup Zahari Zakaria :bDari Kayu Gadang ke Panggie-panggie /cYusrina Sri, Penyunting: Alizar Tanjung aCet.2 axvii, 270 hlm. :bilus. ;c23 Cm a978-602-6222-20-6 bind a920 a920 YUS p a920 YUS p L 25 R 7 aPadang :bErka,c2017 4aSilsilah dan Geografi Umum aPenyunting: Alizar Tanjung aPUPAD a33.202/DAK/DPK/2019 a33.203/DAK/DPK/2019 a33.205/DAK/DPK/2019 a33.204/DAK/DPK/2019